Psicoterapia del adolescente /

Guardat en:
Dades bibliogràfiques
Autor principal: Mâle, Pierre (autor)
Format: Llibre
Idioma:espanyol
Publicat: México : Planeta, 1976, c1976
Col·lecció:(Paideia ; 33)
Matèries:
Etiquetes: Afegir etiqueta
Sense etiquetes, Sigues el primer a etiquetar aquest registre!

MARC

LEADER 00000nam^a2200000^a^4500
001 000008042
005 20250521000000.0
009 20260310083528.079
037 |a Acervo ITESO - Biblioteca 
041 |a ESP 
082 |a 616. 9714  |b MAL 
100 |a Mâle, Pierre  |e (autor) 
245 1 0 |a Psicoterapia del adolescente /  |c P. Male ; tr. por M. Villanueva de Castro. 
264 4 |a México :  |b Planeta,  |c 1976, c1976 
300 |a 257 p. 
336 |a texto  |b txt  |2 rdacontenido 
337 |a sin mediación  |b n  |2 rdamedio 
338 |a volumen  |b nc  |2 rdasoporte 
440 1 |a (Paideia ;  |v 33) 
500 |a Traducción de: Psychotherapie de l'adolescent 
649 |a XX 
650 |a Adolescentes -  |x Condiciones Psicológicas 
650 |a Delincuencia Juvenil 
650 |a Esquizofrenia 
650 |a Psicosis 
650 |a Psicoterapia 
650 |a Psicoanálisis Freudiano 
650 |a Psicología Clínica 
650 |a Psicología Evolutiva 
910 |a Fondo General 
920 |a Impresos - Libros 
930 |a Colección General 
905 |a 101 
901 |a 0080420100  |b IT1  |c ACC  |i 008042  |u 20250521 
902 |a https://opac.biblio.iteso.mx/vufind/Record/000008042